000 00717nam a2200217Ii 4500
003 JO-AjNU
008 230605s9999||||xx |||||||||||||| ||und||
040 _aJO-AjNU
_bara
_erda
_cJO-AjNU
041 _aara
050 1 4 _aPJ7802.B35.W32 1987
100 3 _aتأليف العبادي، أحمد عويدي,
_eauthor
_938813
245 0 0 _aالمسلسل التلفزيوني وضحا وإبن عجلان
250 _aط1
264 3 1 _aعمان:دار الفكر،1987
300 _a512ص
336 _atext
_btxt
_2rdacontent
337 _aunmediated
_bn
_2rdamedia
338 _avolume
_bnc
_2rdacarrier
490 0 _aسلسلة:من هم البدو؟ 12
650 4 _aقصص بدوية - مسلسلات
_938814
999 _aA16338
_c19906
_d19906